000 01012nab a22002057a 4500
999 _c5964
_d5964
003 OSt
005 20260114140446.0
008 190605e xxu||||| |||| 00| 0 spa d
040 _cPJ
100 _94419
_aRomualdi, Emilio E.
245 1 3 _aLa propina como oportunidad de ganancia. El DNU 731/2024 y su exclusión como salario /
_cEmilio Romualdi.
260 _aCiudad Autónoma de Buenos Aires :
_bThomson Reuters La Ley,
_c2024.
300 _ap. 44-55
500 _aCita: TR LALEY AR/DOC/2629/2024.
505 _aSumario: I. Aspectos generales del salario.— II. Formas de pago del salario.— III. La Oportunidad de Ganancia como género.— IV. La propina y el DNU 731.— V. Breve epílogo.
505 _t¿Te interesa el texto completo? Solicitalo al correo: koha@justierradelfuego.gov.ar
650 0 _91316
_aDERECHO LABORAL
773 0 _02711
_93168
_dCiudad Autónoma de Buenos Aires : Thomson Reuters La Ley, 1999-2002.
_tRevista de derecho del trabajo. Nº 6 - Noviembre 2024
942 _2udc
_cANA